00351nam a22000977a 4500040000700000082000800007100001700015245018100032260003100213300000900244 cHS a554 aIAN G. BAIRD aThe Kavet and the Kreung : observations of livelihoods and natural resources in two highlander villages in the districts of Veun Say and Ta Veng, Ratanakhiri Province, Cambodia aCambodiabIAN G. BAIRDcNA a88p;